000
00286nam a2200121Ia 4500
008
190216s9999||||xx |||||||||||||| ||und||
100
_a
Potti L R
245
0
_a
Quantitative Techniques
260
_b
Tata Mcgrawhill Publishers
_c
1990
300
_a
l.8p
650
_a
Commerce
942
_c
BK
999
_c
5959
_d
5959